000 00243nam a22001097a 4500
082 _aROB
100 _aRobert Burke
245 _aHazardous materials chemistry for emergency responders
260 _aLondon
_c2012
300 _a368
942 _cBK
999 _c55089
_d55086